000 00300nam a22001097a 4500
999 _c4188
_d4188
008 250123b ||||| |||| 00| 0 eng d
020 _a9780448483573
082 _a979 OCO
100 _aJIM O'CONNOR
_eO'CONNOR,JIM
245 _aWHERE IS THE GRAND CANYON?
942 _2ddc
_h979 OCO